Effect of social Capital on labour market attainments in Bangladesh / (Record no. 75722)
[ view plain ]
| 000 -LEADER | |
|---|---|
| fixed length control field | 01017ntm a2200265 a 4500 |
| 001 - CONTROL NUMBER | |
| control field | 75722 |
| 003 - CONTROL NUMBER IDENTIFIER | |
| rucl marc code | BD-RjUL |
| 005 - DATE AND TIME OF LATEST TRANSACTION | |
| control field | 20211209082731.0 |
| 008 - FIXED-LENGTH DATA ELEMENTS--GENERAL INFORMATION | |
| fixed length control field | 190528s2016 bg a|||| bm|| 00| 0 eng d |
| 035 ## - SYSTEM CONTROL NUMBER | |
| System control number | (BD-RjUL)75941 |
| 040 ## - CATALOGING SOURCE | |
| Original cataloging agency | BD-RjUL |
| Language of cataloging | eng |
| Transcribing agency | BD-RjUL |
| Modifying agency | BD-RjUL |
| 041 ## - LANGUAGE CODE | |
| Language code of text/sound track or separate title | eng |
| 082 ## - DEWEY DECIMAL CLASSIFICATION NUMBER | |
| Edition number | 23 |
| Author mark and year | UDE 2016 |
| Classification number | 302.35 |
| 100 1# - MAIN ENTRY--PERSONAL NAME | |
| Personal name | Uddin, Mohammed Faruque |
| 9 (RLIN) | 231940 |
| 245 10 - TITLE STATEMENT | |
| Title | Effect of social Capital on labour market attainments in Bangladesh / |
| Statement of responsibility, etc. | by Mohammed Faruque Uddin ; |
| Linkage | Supervisor: A. H. M. Mustafizur Rahman |
| 260 ## - PUBLICATION, DISTRIBUTION, ETC. (IMPRINT) | |
| Place of publication, distribution, etc. | Rajshahi : |
| Name of publisher, distributor, etc. | Department of Sociology, University of Rajshahi, |
| Date of publication, distribution, etc. | 2016 |
| 300 ## - PHYSICAL DESCRIPTION | |
| Pagination | 213 leaves : |
| Illustrations | Ill. ; |
| Size | 29 cm. |
| 502 ## - DISSERTATION NOTE | |
| Dissertation note | Thesis (Ph. D.) -- Department of Sociology, University of Rajshahi, 2016 |
| 504 ## - BIBLIOGRAPHY, ETC. NOTE | |
| Bibliography, etc | References: Leaves 189-202 |
| 650 ## - SUBJECT ADDED ENTRY--TOPICAL TERM | |
| Topical term or geographic name as entry element | Social capital (Sociology) |
| 9 (RLIN) | 231941 |
| Topical term or geographic name as entry element | Infrastructure (Economics) |
| 9 (RLIN) | 231942 |
| Topical term or geographic name as entry element | Labor Market |
| Geographic subdivision | Bangladesh |
| 9 (RLIN) | 231943 |
| 700 ## - ADDED ENTRY--PERSONAL NAME | |
| Personal name | Rahman, A. H. M. Mustafizur, Supervisor |
| 942 ## - ADDED ENTRY ELEMENTS (KOHA) | |
| Source of classification or shelving scheme | Dewey Decimal Classification |
| Koha item type | Theses |
| Lost status | Source of classification or shelving scheme | Damaged status | Not for loan | Collection code | Permanent Location | Current Location | Shelving location | Date acquired | Source of acquisition | Total Checkouts | Full call number | Date last seen | Copy number | Koha item type |
|---|---|---|---|---|---|---|---|---|---|---|---|---|---|---|
| Dewey Decimal Classification | Not For Loan | Theses | Central Library, University of Rajshahi | Central Library, University of Rajshahi | Documentation Section | 28/03/2017 | Controller of Examination Office, R. U. | THE 302.35 UDE 2016 | 28/05/2019 | C-1 | Theses |